[Event "April 9 Late 2024"]
[Site "Chess.com"]
[Date "2024.04.09"]
[Round "2"]
[White "Torres, Yelfry"]
[Black "Burke, Paul"]
[Result "1-0"]
[Board "197"]
[WhiteFideId "6401066"]
[BlackFideId "2605767"]
[WhiteElo "2420"]
[BlackElo "1971"]
[WhiteTeam "DOM"]
[BlackTeam "CAN"]
[WhiteClock "0:00:34"]
[BlackClock "0:00:00"]
[Variant "Standard"]

1. c4 {[%clk 0:02:55]}  a6 {[%clk 0:02:59]} 2. g3 {[%clk 0:02:54]}  d6 {[%clk 0:02:59]} 3. Bg2 {[%clk 0:02:54]}  g6 {[%clk 0:02:59]} 4. Nc3 {[%clk 0:02:53]}  h6 {[%clk 0:02:59]} 5. Qb3 {[%clk 0:02:51]}  c6 {[%clk 0:02:56]} 6. e3 {[%clk 0:02:50]}  Bg7 {[%clk 0:02:56]} 7. Nge2 {[%clk 0:02:50]}  Nd7 {[%clk 0:02:55]} 8. d4 {[%clk 0:02:50]}  e6 {[%clk 0:02:52]} 9. O-O {[%clk 0:02:48]}  Ne7 {[%clk 0:02:52]} 10. a4 {[%clk 0:02:47]}  O-O {[%clk 0:02:52]} 11. a5 {[%clk 0:02:47]}  Kh7 {[%clk 0:02:50]} 12. Qa3 {[%clk 0:02:47]}  d5 {[%clk 0:02:44]} 13. cxd5 {[%clk 0:02:38]}  exd5 {[%clk 0:02:44]} 14. Bd2 {[%clk 0:02:34]}  Nf6 {[%clk 0:02:43]} 15. Na4 {[%clk 0:02:30]}  Bf5 {[%clk 0:02:37]} 16. Bb4 {[%clk 0:02:27]}  Re8 {[%clk 0:02:34]} 17. Nb6 {[%clk 0:02:10]}  Rb8 {[%clk 0:02:32]} 18. Bd6 {[%clk 0:02:09]}  Nc8 {[%clk 0:02:11]} 19. Bxb8 {[%clk 0:01:50]}  Nxb6 {[%clk 0:02:11]} 20. Be5 {[%clk 0:01:29]}  Nc4 {[%clk 0:02:06]} 21. Bxf6 {[%clk 0:01:19]}  Bxf6 {[%clk 0:01:57]} 22. Qc3 {[%clk 0:01:18]}  Qd7 {[%clk 0:01:46]} 23. Nf4 {[%clk 0:01:14]}  Nd6 {[%clk 0:01:37]} 24. Nd3 {[%clk 0:01:10]}  Ne4 {[%clk 0:01:34]} 25. Qc1 {[%clk 0:01:00]}  Ng5 {[%clk 0:01:31]} 26. Nc5 {[%clk 0:00:57]}  Qc8 {[%clk 0:01:31]} 27. h4 {[%clk 0:00:56]}  Ne4 {[%clk 0:01:24]} 28. Nxe4 {[%clk 0:00:55]}  Bxe4 {[%clk 0:01:22]} 29. Bxe4 {[%clk 0:00:49]}  Rxe4 {[%clk 0:01:13]} 30. Kg2 {[%clk 0:00:49]}  Rxh4 {[%clk 0:00:52]} 31. Rh1 {[%clk 0:00:40]}  Re4 {[%clk 0:00:50]} 32. f3 {[%clk 0:00:38]}  Re6 {[%clk 0:00:45]} 33. e4 {[%clk 0:00:38]}  g5 {[%clk 0:00:40]} 34. e5 {[%clk 0:00:35]}  Be7 {[%clk 0:00:36]} 35. f4 {[%clk 0:00:35]}  gxf4 {[%clk 0:00:31]} 36. Qxf4 {[%clk 0:00:35]}  Qg8 {[%clk 0:00:00]} 37. Raf1 {[%clk 0:00:34]} 1-0

[Event "April 9 Late 2024"]
[Site "Chess.com"]
[Date "2024.04.09"]
[Round "2"]
[White "Smirnov, Timofey"]
[Black "Jegorovas, Aleksandras"]
[Result "0-1"]
[Board "198"]
[WhiteFideId "24176427"]
[BlackFideId "12801950"]
[WhiteTitle "FM"]
[BlackTitle "FM"]
[WhiteElo "1947"]
[BlackElo "2419"]
[WhiteTeam "RUS"]
[BlackTeam "LTU"]
[WhiteClock "0:00:00"]
[BlackClock "0:02:08"]
[Variant "Standard"]

1. e4 {[%clk 0:02:58]}  c6 {[%clk 0:02:59]} 2. d4 {[%clk 0:02:57]}  d5 {[%clk 0:02:59]} 3. e5 {[%clk 0:02:57]}  c5 {[%clk 0:03:00]} 4. dxc5 {[%clk 0:02:57]}  Nc6 {[%clk 0:03:00]} 5. f4 {[%clk 0:02:57]}  e6 {[%clk 0:02:58]} 6. Be3 {[%clk 0:02:24]}  d4 {[%clk 0:02:53]} 7. Bf2 {[%clk 0:02:23]}  Bxc5 {[%clk 0:02:52]} 8. Bb5 {[%clk 0:02:22]}  Ne7 {[%clk 0:02:51]} 9. c3 {[%clk 0:02:09]}  Qb6 {[%clk 0:02:40]} 10. Bxc6+ {[%clk 0:01:59]}  Nxc6 {[%clk 0:02:39]} 11. Qb3 {[%clk 0:01:44]}  dxc3 {[%clk 0:02:28]} 12. Bxc5 {[%clk 0:01:38]}  cxb2 {[%clk 0:02:23]} 13. Bxb6 {[%clk 0:01:26]}  bxa1=Q {[%clk 0:02:22]} 14. Bc5 {[%clk 0:01:05]}  b6 {[%clk 0:02:17]} 15. Bd6 {[%clk 0:01:02]}  Qd4 {[%clk 0:02:12]} 16. Ne2 {[%clk 0:00:56]}  Qd5 {[%clk 0:02:09]} 17. Nbc3 {[%clk 0:00:00]}  Qxb3 {[%clk 0:02:08]} 0-1

[Event "April 9 Late 2024"]
[Site "Chess.com"]
[Date "2024.04.09"]
[Round "2"]
[White "Vargas, Mauricio"]
[Black "Jaque Gutierrez, Matias"]
[Result "0-1"]
[Board "199"]
[WhiteFideId "4404572"]
[BlackFideId "3426980"]
[WhiteTitle "FM"]
[BlackTitle "CM"]
[WhiteElo "1889"]
[BlackElo "2419"]
[WhiteTeam "COL"]
[BlackTeam "CHI"]
[WhiteClock "0:00:15"]
[BlackClock "0:01:37"]
[Variant "Standard"]

1. e4 {[%clk 0:02:52]}  c5 {[%clk 0:02:59]} 2. Nc3 {[%clk 0:02:51]}  g6 {[%clk 0:02:59]} 3. f4 {[%clk 0:02:52]}  Bg7 {[%clk 0:02:58]} 4. Nf3 {[%clk 0:02:52]}  Nc6 {[%clk 0:02:55]} 5. d3 {[%clk 0:02:53]}  e6 {[%clk 0:02:52]} 6. g4 {[%clk 0:02:50]}  d5 {[%clk 0:02:51]} 7. e5 {[%clk 0:02:49]}  Nge7 {[%clk 0:02:43]} 8. Nb5 {[%clk 0:02:49]}  Qa5+ {[%clk 0:02:39]} 9. Nc3 {[%clk 0:02:43]}  d4 {[%clk 0:02:40]} 10. Bd2 {[%clk 0:02:33]}  dxc3 {[%clk 0:02:39]} 11. Bxc3 {[%clk 0:02:33]}  Qd8 {[%clk 0:02:37]} 12. Bg2 {[%clk 0:02:34]}  Nd5 {[%clk 0:02:34]} 13. Bd2 {[%clk 0:02:32]}  b6 {[%clk 0:02:19]} 14. O-O {[%clk 0:02:19]}  Bb7 {[%clk 0:02:19]} 15. c3 {[%clk 0:02:15]}  Qd7 {[%clk 0:02:17]} 16. Qe1 {[%clk 0:02:12]}  O-O-O {[%clk 0:02:16]} 17. a4 {[%clk 0:02:11]}  Nde7 {[%clk 0:02:14]} 18. d4 {[%clk 0:01:57]}  cxd4 {[%clk 0:02:12]} 19. cxd4 {[%clk 0:01:54]}  Nxd4 {[%clk 0:02:11]} 20. Rc1+ {[%clk 0:01:50]}  Kb8 {[%clk 0:02:11]} 21. a5 {[%clk 0:01:51]}  Nxf3+ {[%clk 0:02:09]} 22. Bxf3 {[%clk 0:01:44]}  Qxd2 {[%clk 0:02:03]} 23. Bxb7 {[%clk 0:01:37]}  Qxe1 {[%clk 0:02:00]} 24. Rfxe1 {[%clk 0:01:35]}  Kxb7 {[%clk 0:02:00]} 25. axb6 {[%clk 0:01:35]}  axb6 {[%clk 0:02:00]} 26. Rc3 {[%clk 0:01:34]}  Rc8 {[%clk 0:01:58]} 27. Ra3 {[%clk 0:01:27]}  Rhd8 {[%clk 0:01:52]} 28. Rea1 {[%clk 0:01:26]}  Ra8 {[%clk 0:01:52]} 29. Rc1 {[%clk 0:01:21]}  Nc6 {[%clk 0:01:52]} 30. Rac3 {[%clk 0:01:20]}  Rac8 {[%clk 0:01:52]} 31. b3 {[%clk 0:01:08]}  Nd4 {[%clk 0:01:50]} 32. Rxc8 {[%clk 0:01:05]}  Rxc8 {[%clk 0:01:51]} 33. Rd1 {[%clk 0:01:05]}  Nxb3 {[%clk 0:01:40]} 34. Rd7+ {[%clk 0:00:32]}  Rc7 {[%clk 0:01:39]} 35. Rd3 {[%clk 0:00:30]}  Nc5 {[%clk 0:01:36]} 36. Ra3 {[%clk 0:00:29]}  Bf8 {[%clk 0:01:36]} 37. Ra1 {[%clk 0:00:26]}  Nd3 {[%clk 0:01:36]} 38. Kf1 {[%clk 0:00:25]}  Rc1+ {[%clk 0:01:35]} 39. Rxc1 {[%clk 0:00:23]}  Nxc1 {[%clk 0:01:36]} 40. Ke1 {[%clk 0:00:23]}  Nd3+ {[%clk 0:01:36]} 41. Kd2 {[%clk 0:00:15]}  Nxf4 {[%clk 0:01:37]} 0-1

[Event "April 9 Late 2024"]
[Site "Chess.com"]
[Date "2024.04.09"]
[Round "3"]
[White "Troff, Kayden"]
[Black "Yankelevich, Lev"]
[Result "1-0"]
[Board "27"]
[WhiteFideId "2047896"]
[BlackFideId "24684074"]
[WhiteTitle "GM"]
[BlackTitle "GM"]
[WhiteElo "2875"]
[BlackElo "2676"]
[WhiteTeam "USA"]
[BlackTeam "GER"]
[WhiteClock "0:00:07"]
[BlackClock "0:00:00"]
[Variant "Standard"]

1. d4 {[%clk 0:03:00]}  Nf6 {[%clk 0:03:00]} 2. Nf3 {[%clk 0:03:00]}  e6 {[%clk 0:03:00]} 3. Bf4 {[%clk 0:03:01]}  b6 {[%clk 0:02:55]} 4. e3 {[%clk 0:03:00]}  Bb7 {[%clk 0:02:55]} 5. Nbd2 {[%clk 0:03:00]}  g6 {[%clk 0:02:51]} 6. a4 {[%clk 0:02:55]}  Bg7 {[%clk 0:02:45]} 7. a5 {[%clk 0:02:55]}  O-O {[%clk 0:02:45]} 8. a6 {[%clk 0:02:46]}  Bc8 {[%clk 0:02:44]} 9. b4 {[%clk 0:02:46]}  d6 {[%clk 0:02:43]} 10. Bd3 {[%clk 0:02:43]}  Nd5 {[%clk 0:02:42]} 11. Be4 {[%clk 0:02:34]}  c6 {[%clk 0:02:36]} 12. Bxd5 {[%clk 0:02:16]}  exd5 {[%clk 0:02:25]} 13. Qe2 {[%clk 0:02:13]}  b5 {[%clk 0:02:24]} 14. h4 {[%clk 0:02:11]}  Nxa6 {[%clk 0:02:15]} 15. c3 {[%clk 0:02:10]}  Nc7 {[%clk 0:02:11]} 16. h5 {[%clk 0:02:06]}  Bg4 {[%clk 0:02:11]} 17. hxg6 {[%clk 0:02:02]}  fxg6 {[%clk 0:02:01]} 18. Qd3 {[%clk 0:01:55]}  Ne6 {[%clk 0:02:00]} 19. Bg3 {[%clk 0:01:53]}  Bf5 {[%clk 0:01:58]} 20. Qe2 {[%clk 0:01:53]}  a5 {[%clk 0:01:49]} 21. bxa5 {[%clk 0:01:39]}  Rxa5 {[%clk 0:01:50]} 22. Rxa5 {[%clk 0:01:31]}  Qxa5 {[%clk 0:01:51]} 23. Bxd6 {[%clk 0:01:31]}  Ra8 {[%clk 0:01:32]} 24. O-O {[%clk 0:01:22]}  Qxc3 {[%clk 0:01:30]} 25. e4 {[%clk 0:01:14]}  Bg4 {[%clk 0:01:06]} 26. exd5 {[%clk 0:00:57]}  Nxd4 {[%clk 0:01:05]} 27. Qe4 {[%clk 0:00:53]}  Nxf3+ {[%clk 0:00:47]} 28. Nxf3 {[%clk 0:00:50]}  Bf5 {[%clk 0:00:38]} 29. Qe7 {[%clk 0:00:46]}  cxd5 {[%clk 0:00:34]} 30. Be5 {[%clk 0:00:43]}  Bxe5 {[%clk 0:00:24]} 31. Nxe5 {[%clk 0:00:43]}  Rf8 {[%clk 0:00:23]} 32. Qd6 {[%clk 0:00:34]}  Qd4 {[%clk 0:00:15]} 33. Nc6 {[%clk 0:00:32]}  Qe4 {[%clk 0:00:13]} 34. Ne7+ {[%clk 0:00:28]}  Kf7 {[%clk 0:00:14]} 35. Nxd5 {[%clk 0:00:17]}  Qe6 {[%clk 0:00:14]} 36. Qc7+ {[%clk 0:00:15]}  Kg8 {[%clk 0:00:13]} 37. Ne7+ {[%clk 0:00:15]}  Kh8 {[%clk 0:00:13]} 38. Nc6 {[%clk 0:00:09]}  Qf7 {[%clk 0:00:11]} 39. Qe5+ {[%clk 0:00:09]}  Qg7 {[%clk 0:00:11]} 40. Qxb5 {[%clk 0:00:09]}  h5 {[%clk 0:00:11]} 41. Ne5 {[%clk 0:00:09]}  Qf6 {[%clk 0:00:10]} 42. Nf3 {[%clk 0:00:08]}  Bg4 {[%clk 0:00:09]} 43. Ne5 {[%clk 0:00:08]}  Bf5 {[%clk 0:00:10]} 44. Re1 {[%clk 0:00:08]}  Kg7 {[%clk 0:00:09]} 45. f3 {[%clk 0:00:08]}  Kh6 {[%clk 0:00:09]} 46. Qc5 {[%clk 0:00:07]}  Qg5 {[%clk 0:00:00]} 47. Qxf8+ {[%clk 0:00:07]} 1-0

[Event "April 9 Late 2024"]
[Site "Chess.com"]
[Date "2024.04.09"]
[Round "3"]
[White "Suder, Jakub"]
[Black "Cieslak, Patryk"]
[Result "1/2-1/2"]
[Board "30"]
[WhiteFideId "1195310"]
[BlackFideId "21078882"]
[WhiteTitle "FM"]
[BlackTitle "FM"]
[WhiteElo "2630"]
[BlackElo "2869"]
[WhiteTeam "POL"]
[BlackTeam "POL"]
[WhiteClock "0:00:05"]
[BlackClock "0:00:03"]
[Variant "Standard"]

1. d4 {[%clk 0:03:00]}  g6 {[%clk 0:02:56]} 2. c4 {[%clk 0:03:01]}  Bg7 {[%clk 0:02:57]} 3. Nc3 {[%clk 0:03:01]}  d6 {[%clk 0:02:57]} 4. e4 {[%clk 0:03:01]}  Nc6 {[%clk 0:02:57]} 5. Be3 {[%clk 0:03:00]}  e5 {[%clk 0:02:51]} 6. d5 {[%clk 0:03:00]}  Nd4 {[%clk 0:02:51]} 7. Nge2 {[%clk 0:03:00]}  Nxe2 {[%clk 0:02:42]} 8. Bxe2 {[%clk 0:03:00]}  f5 {[%clk 0:02:41]} 9. exf5 {[%clk 0:02:59]}  Bxf5 {[%clk 0:02:42]} 10. g4 {[%clk 0:02:56]}  Bd7 {[%clk 0:02:40]} 11. h4 {[%clk 0:02:56]}  Bf6 {[%clk 0:02:16]} 12. Ne4 {[%clk 0:02:47]}  Be7 {[%clk 0:02:11]} 13. h5 {[%clk 0:02:43]}  Nf6 {[%clk 0:01:43]} 14. Nxf6+ {[%clk 0:02:07]}  Bxf6 {[%clk 0:01:42]} 15. hxg6 {[%clk 0:02:06]}  hxg6 {[%clk 0:01:41]} 16. Rxh8+ {[%clk 0:02:06]}  Bxh8 {[%clk 0:01:42]} 17. Qc2 {[%clk 0:02:04]}  Qf6 {[%clk 0:01:35]} 18. O-O-O {[%clk 0:01:59]}  O-O-O {[%clk 0:01:32]} 19. Qe4 {[%clk 0:01:54]}  Bg7 {[%clk 0:01:24]} 20. Rh1 {[%clk 0:01:51]}  Rh8 {[%clk 0:01:22]} 21. Rxh8+ {[%clk 0:01:45]}  Bxh8 {[%clk 0:01:23]} 22. f3 {[%clk 0:01:40]}  Qf7 {[%clk 0:01:11]} 23. Bd3 {[%clk 0:01:38]}  Be8 {[%clk 0:01:07]} 24. b4 {[%clk 0:01:36]}  a6 {[%clk 0:01:06]} 25. c5 {[%clk 0:01:35]}  Kb8 {[%clk 0:01:01]} 26. a4 {[%clk 0:01:29]}  Qh7 {[%clk 0:00:58]} 27. cxd6 {[%clk 0:01:22]}  cxd6 {[%clk 0:00:55]} 28. b5 {[%clk 0:01:21]}  axb5 {[%clk 0:00:53]} 29. Bxb5 {[%clk 0:01:15]}  Qh1+ {[%clk 0:00:48]} 30. Kc2 {[%clk 0:01:15]}  Bxb5 {[%clk 0:00:19]} 31. axb5 {[%clk 0:01:15]}  Qg2+ {[%clk 0:00:16]} 32. Kb3 {[%clk 0:01:08]}  Qf1 {[%clk 0:00:15]} 33. b6 {[%clk 0:01:01]}  Qb5+ {[%clk 0:00:12]} 34. Kc2 {[%clk 0:00:53]}  Qe2+ {[%clk 0:00:12]} 35. Kb3 {[%clk 0:00:27]}  Bf6 {[%clk 0:00:10]} 36. Bc1 {[%clk 0:00:05]}  Qd1+ {[%clk 0:00:09]} 37. Kb2 {[%clk 0:00:04]}  Bd8 {[%clk 0:00:06]} 38. Qxg6 {[%clk 0:00:04]}  Qe2+ {[%clk 0:00:06]} 39. Kb1 {[%clk 0:00:03]}  Qb5+ {[%clk 0:00:06]} 40. Bb2 {[%clk 0:00:04]}  Bxb6 {[%clk 0:00:05]} 41. Qxd6+ {[%clk 0:00:04]}  Ka7 {[%clk 0:00:05]} 42. Qa3+ {[%clk 0:00:04]}  Kb8 {[%clk 0:00:05]} 43. Qd6+ {[%clk 0:00:04]}  Bc7 {[%clk 0:00:05]} 44. Qf8+ {[%clk 0:00:04]}  Ka7 {[%clk 0:00:05]} 45. Qa3+ {[%clk 0:00:04]}  Kb8 {[%clk 0:00:05]} 46. d6 {[%clk 0:00:03]}  Qf1+ {[%clk 0:00:03]} 47. Ka2 {[%clk 0:00:04]}  Qc4+ {[%clk 0:00:03]} 48. Kb1 {[%clk 0:00:04]}  Qf1+ {[%clk 0:00:03]} 49. Bc1 {[%clk 0:00:04]}  Qb5+ {[%clk 0:00:03]} 50. Ka1 {[%clk 0:00:04]}  Bb6 {[%clk 0:00:03]} 51. Bb2 {[%clk 0:00:04]}  Qf1+ {[%clk 0:00:03]} 52. Ka2 {[%clk 0:00:05]}  Qc4+ {[%clk 0:00:04]} 53. Qb3 {[%clk 0:00:05]}  Qa6+ {[%clk 0:00:03]} 54. Kb1 {[%clk 0:00:06]}  Qf1+ {[%clk 0:00:04]} 55. Ka2 {[%clk 0:00:06]}  Qa6+ {[%clk 0:00:03]} 56. Ba3 {[%clk 0:00:06]}  Qe2+ {[%clk 0:00:03]} 57. Qb2 {[%clk 0:00:05]}  Qxf3 {[%clk 0:00:02]} 58. Qxb6 {[%clk 0:00:06]}  Qe2+ {[%clk 0:00:01]} 59. Bb2 {[%clk 0:00:06]}  Qc4+ {[%clk 0:00:01]} 60. Kb1 {[%clk 0:00:06]}  Qf1+ {[%clk 0:00:01]} 61. Kc2 {[%clk 0:00:07]}  Qc4+ {[%clk 0:00:01]} 62. Kd1 {[%clk 0:00:06]}  Qd3+ {[%clk 0:00:02]} 63. Ke1 {[%clk 0:00:07]}  Qg3+ {[%clk 0:00:02]} 64. Qf2 {[%clk 0:00:06]}  Qxg4 {[%clk 0:00:01]} 65. Qf8+ {[%clk 0:00:06]}  Ka7 {[%clk 0:00:02]} 66. Qf2+ {[%clk 0:00:06]}  Kb8 {[%clk 0:00:03]} 67. Qd2 {[%clk 0:00:06]}  Qe4+ {[%clk 0:00:02]} 68. Kd1 {[%clk 0:00:06]}  Qb1+ {[%clk 0:00:02]} 69. Ke2 {[%clk 0:00:07]}  Qe4+ {[%clk 0:00:03]} 70. Kf1 {[%clk 0:00:07]}  Qf3+ {[%clk 0:00:02]} 71. Ke1 {[%clk 0:00:07]}  Qg3+ {[%clk 0:00:03]} 72. Kd1 {[%clk 0:00:07]}  Qb3+ {[%clk 0:00:03]} 73. Kc1 {[%clk 0:00:07]}  Qc4+ {[%clk 0:00:03]} 74. Kb1 {[%clk 0:00:08]}  Qe4+ {[%clk 0:00:04]} 75. Ka2 {[%clk 0:00:08]}  Qa4+ {[%clk 0:00:04]} 76. Ba3 {[%clk 0:00:08]}  Qc4+ {[%clk 0:00:04]} 77. Kb2 {[%clk 0:00:08]}  Qb5+ {[%clk 0:00:05]} 78. Kc2 {[%clk 0:00:05]}  Qa4+ {[%clk 0:00:05]} 79. Kb2 {[%clk 0:00:06]}  Qb5+ {[%clk 0:00:05]} 80. Ka1 {[%clk 0:00:06]}  Qa4 {[%clk 0:00:03]} 81. Qc3 {[%clk 0:00:02]}  Qd1+ {[%clk 0:00:03]} 82. Kb2 {[%clk 0:00:02]}  Qe2+ {[%clk 0:00:03]} 83. Kc1 {[%clk 0:00:03]}  Qf1+ {[%clk 0:00:03]} 84. Kc2 {[%clk 0:00:03]}  Qg2+ {[%clk 0:00:03]} 85. Kb3 {[%clk 0:00:04]}  Qd5+ {[%clk 0:00:03]} 86. Qc4 {[%clk 0:00:04]}  Qd1+ {[%clk 0:00:02]} 87. Qc2 {[%clk 0:00:04]}  Qd5+ {[%clk 0:00:02]} 88. Qc4 {[%clk 0:00:04]}  Qd1+ {[%clk 0:00:02]} 89. Kb2 {[%clk 0:00:05]}  Qd2+ {[%clk 0:00:02]} 90. Kb1 {[%clk 0:00:05]}  Qd1+ {[%clk 0:00:02]} 91. Ka2 {[%clk 0:00:05]}  Qd2+ {[%clk 0:00:02]} 92. Kb3 {[%clk 0:00:05]}  Qd1+ {[%clk 0:00:03]} 1/2-1/2

[Event "April 9 Late 2024"]
[Site "Chess.com"]
[Date "2024.04.09"]
[Round "3"]
[White "Palencia Morales, Wilson Guillermo"]
[Black "Schmakel, Sam"]
[Result "0-1"]
[Board "34"]
[WhiteFideId "4401859"]
[BlackFideId "2039311"]
[WhiteTitle "IM"]
[BlackTitle "IM"]
[WhiteElo "2612"]
[BlackElo "2840"]
[WhiteTeam "COL"]
[BlackTeam "USA"]
[WhiteClock "0:00:57"]
[BlackClock "0:02:15"]
[Variant "Standard"]

1. d4 {[%clk 0:02:52]}  Nf6 {[%clk 0:02:59]} 2. c4 {[%clk 0:02:51]}  e6 {[%clk 0:02:59]} 3. Nf3 {[%clk 0:02:52]}  d5 {[%clk 0:02:59]} 4. Nc3 {[%clk 0:02:51]}  dxc4 {[%clk 0:02:56]} 5. e3 {[%clk 0:02:50]}  a6 {[%clk 0:02:57]} 6. Bxc4 {[%clk 0:02:50]}  b5 {[%clk 0:02:57]} 7. Be2 {[%clk 0:02:50]}  Bb7 {[%clk 0:02:57]} 8. O-O {[%clk 0:02:47]}  c5 {[%clk 0:02:57]} 9. dxc5 {[%clk 0:02:47]}  Nbd7 {[%clk 0:02:57]} 10. b4 {[%clk 0:02:46]}  a5 {[%clk 0:02:53]} 11. Nxb5 {[%clk 0:02:42]}  axb4 {[%clk 0:02:53]} 12. Nd6+ {[%clk 0:02:39]}  Bxd6 {[%clk 0:02:53]} 13. cxd6 {[%clk 0:02:39]}  O-O {[%clk 0:02:53]} 14. Bb2 {[%clk 0:02:37]}  Bd5 {[%clk 0:02:50]} 15. Qd4 {[%clk 0:02:32]}  Qb8 {[%clk 0:02:35]} 16. a3 {[%clk 0:01:30]}  b3 {[%clk 0:02:34]} 17. Qf4 {[%clk 0:01:25]}  Rc8 {[%clk 0:02:26]} 18. Rfc1 {[%clk 0:01:12]}  Rc2 {[%clk 0:02:16]} 19. Rxc2 {[%clk 0:01:09]}  bxc2 {[%clk 0:02:17]} 20. Qb4 {[%clk 0:00:57]}  Qxb4 {[%clk 0:02:15]} 0-1

[Event "April 9 Late 2024"]
[Site "Chess.com"]
[Date "2024.04.09"]
[Round "3"]
[White "Gavrilescu, David"]
[Black "Badacsonyi, Stanley"]
[Result "0-1"]
[Board "37"]
[WhiteFideId "1227190"]
[BlackFideId "486973"]
[WhiteTitle "GM"]
[BlackTitle "CM"]
[WhiteElo "2831"]
[BlackElo "2564"]
[WhiteTeam "ROU"]
[BlackTeam "ENG"]
[WhiteClock "0:00:04"]
[BlackClock "0:00:56"]
[Variant "Standard"]

1. e4 {[%clk 0:03:00]}  e6 {[%clk 0:03:00]} 2. d4 {[%clk 0:03:00]}  d5 {[%clk 0:03:00]} 3. e5 {[%clk 0:03:01]}  c5 {[%clk 0:03:00]} 4. c3 {[%clk 0:03:01]}  Nc6 {[%clk 0:03:01]} 5. Nf3 {[%clk 0:03:01]}  Bd7 {[%clk 0:03:01]} 6. Be2 {[%clk 0:03:01]}  Nge7 {[%clk 0:03:01]} 7. O-O {[%clk 0:03:02]}  cxd4 {[%clk 0:03:01]} 8. cxd4 {[%clk 0:03:02]}  Nf5 {[%clk 0:03:02]} 9. Nc3 {[%clk 0:03:00]}  Rc8 {[%clk 0:03:02]} 10. a3 {[%clk 0:03:00]}  a6 {[%clk 0:02:53]} 11. Bg5 {[%clk 0:02:43]}  Qb6 {[%clk 0:02:50]} 12. Na4 {[%clk 0:02:42]}  Qc7 {[%clk 0:02:31]} 13. Rc1 {[%clk 0:02:39]}  h6 {[%clk 0:02:29]} 14. Bd2 {[%clk 0:02:38]}  Qd8 {[%clk 0:02:24]} 15. Bc3 {[%clk 0:02:34]}  Be7 {[%clk 0:02:19]} 16. g4 {[%clk 0:02:32]}  Nh4 {[%clk 0:02:18]} 17. Nxh4 {[%clk 0:02:32]}  Bxh4 {[%clk 0:02:19]} 18. Nc5 {[%clk 0:02:33]}  Rb8 {[%clk 0:02:10]} 19. f4 {[%clk 0:02:24]}  Be7 {[%clk 0:02:09]} 20. b4 {[%clk 0:02:11]}  O-O {[%clk 0:02:05]} 21. f5 {[%clk 0:02:09]}  Bxc5 {[%clk 0:02:03]} 22. dxc5 {[%clk 0:01:46]}  Qg5 {[%clk 0:02:01]} 23. Bd2 {[%clk 0:01:37]}  Qh4 {[%clk 0:01:56]} 24. f6 {[%clk 0:01:30]}  Nxe5 {[%clk 0:01:54]} 25. fxg7 {[%clk 0:01:30]}  Rfe8 {[%clk 0:01:53]} 26. Bf4 {[%clk 0:01:29]}  Ng6 {[%clk 0:01:51]} 27. Bxb8 {[%clk 0:01:27]}  Rxb8 {[%clk 0:01:52]} 28. Qd4 {[%clk 0:01:27]}  h5 {[%clk 0:01:41]} 29. Kh1 {[%clk 0:01:03]}  hxg4 {[%clk 0:01:40]} 30. Qxg4 {[%clk 0:01:02]}  Qxg4 {[%clk 0:01:39]} 31. Bxg4 {[%clk 0:01:03]}  Kxg7 {[%clk 0:01:39]} 32. Rg1 {[%clk 0:00:54]}  Kh6 {[%clk 0:01:35]} 33. Rce1 {[%clk 0:00:51]}  Bc6 {[%clk 0:01:35]} 34. Bf3 {[%clk 0:00:51]}  Nh4 {[%clk 0:01:34]} 35. Bg2 {[%clk 0:00:29]}  Rg8 {[%clk 0:01:32]} 36. Re3 {[%clk 0:00:28]}  Rg4 {[%clk 0:01:15]} 37. Rh3 {[%clk 0:00:20]}  Kg5 {[%clk 0:01:05]} 38. Bf3 {[%clk 0:00:20]}  Nxf3 {[%clk 0:01:04]} 39. Rxg4+ {[%clk 0:00:08]}  Kxg4 {[%clk 0:01:03]} 40. Rh7 {[%clk 0:00:09]}  Ng5 {[%clk 0:01:03]} 41. Rh8 {[%clk 0:00:08]}  d4+ {[%clk 0:01:04]} 42. Kg1 {[%clk 0:00:08]}  e5 {[%clk 0:01:01]} 43. Rg8 {[%clk 0:00:08]}  f6 {[%clk 0:00:57]} 44. Kf2 {[%clk 0:00:08]}  Kf4 {[%clk 0:00:57]} 45. Ke2 {[%clk 0:00:09]}  e4 {[%clk 0:00:57]} 46. Kd2 {[%clk 0:00:09]}  f5 {[%clk 0:00:57]} 47. h4 {[%clk 0:00:05]}  Nf3+ {[%clk 0:00:57]} 48. Kc2 {[%clk 0:00:06]}  Ba4+ {[%clk 0:00:57]} 49. Kc1 {[%clk 0:00:05]}  d3 {[%clk 0:00:57]} 50. Rd8 {[%clk 0:00:06]}  Nxh4 {[%clk 0:00:57]} 51. Rd7 {[%clk 0:00:04]}  Bxd7 {[%clk 0:00:56]} 0-1

[Event "April 9 Late 2024"]
[Site "Chess.com"]
[Date "2024.04.09"]
[Round "3"]
[White "Christiansen, Johan-Sebastian"]
[Black "Vlachos, Anatole"]
[Result "1-0"]
[Board "38"]
[WhiteFideId "1512668"]
[BlackFideId "26093189"]
[WhiteTitle "GM"]
[BlackTitle "IM"]
[WhiteElo "2828"]
[BlackElo "2559"]
[WhiteTeam "NOR"]
[BlackTeam "GRE"]
[WhiteClock "0:00:03"]
[BlackClock "0:00:01"]
[Variant "Standard"]

1. e4 {[%clk 0:03:00]}  c5 {[%clk 0:02:59]} 2. Nf3 {[%clk 0:03:00]}  Nc6 {[%clk 0:03:00]} 3. b4 {[%clk 0:03:00]}  cxb4 {[%clk 0:02:47]} 4. d4 {[%clk 0:03:00]}  d5 {[%clk 0:02:46]} 5. exd5 {[%clk 0:03:01]}  Qxd5 {[%clk 0:02:47]} 6. c4 {[%clk 0:03:02]}  Qh5 {[%clk 0:02:33]} 7. Be2 {[%clk 0:02:51]}  Bg4 {[%clk 0:02:29]} 8. O-O {[%clk 0:02:45]}  Nf6 {[%clk 0:02:20]} 9. d5 {[%clk 0:02:35]}  Ne5 {[%clk 0:02:10]} 10. Nxe5 {[%clk 0:02:33]}  Qxe5 {[%clk 0:02:08]} 11. Bxg4 {[%clk 0:02:16]}  Nxg4 {[%clk 0:02:09]} 12. Qxg4 {[%clk 0:01:48]}  Qxa1 {[%clk 0:02:06]} 13. Bf4 {[%clk 0:01:43]}  g6 {[%clk 0:01:58]} 14. d6 {[%clk 0:01:32]}  f5 {[%clk 0:01:24]} 15. Qe2 {[%clk 0:01:25]}  Qf6 {[%clk 0:01:04]} 16. Re1 {[%clk 0:01:01]}  Bg7 {[%clk 0:01:04]} 17. Qxe7+ {[%clk 0:00:46]}  Qxe7 {[%clk 0:01:02]} 18. Rxe7+ {[%clk 0:00:47]}  Kf8 {[%clk 0:01:03]} 19. Rxb7 {[%clk 0:00:47]}  Rd8 {[%clk 0:00:44]} 20. c5 {[%clk 0:00:43]}  Bf6 {[%clk 0:00:34]} 21. Bh6+ {[%clk 0:00:35]}  Kg8 {[%clk 0:00:21]} 22. Nd2 {[%clk 0:00:35]}  a5 {[%clk 0:00:16]} 23. g3 {[%clk 0:00:30]}  a4 {[%clk 0:00:14]} 24. Nc4 {[%clk 0:00:31]}  Rc8 {[%clk 0:00:03]} 25. d7 {[%clk 0:00:14]}  Rxc5 {[%clk 0:00:03]} 26. Nd6 {[%clk 0:00:03]}  Rd5 {[%clk 0:00:01]} 27. Rb8+ {[%clk 0:00:03]} 1-0